| 000 | 01634cam a2200337 i 4500 | ||
|---|---|---|---|
| 003 | OCoLC | ||
| 005 | 20250808152045.0 | ||
| 007 | ta | ||
| 008 | 190506s2018 sp a br 001 1 spa d | ||
| 015 | _aNNN | ||
| 020 | _a9789585487420 | ||
| 040 |
_aCO-BoPUJ _bspa _erda _cCO-BoPUJ |
||
| 043 | _as-ck--- | ||
| 045 | _ay-y- | ||
| 082 | 0 | 4 |
_aJ-C _bGARh |
| 100 | 1 |
_aVélez González, Rubén Darío, _eautor _9855 |
|
| 245 | 1 | 0 |
_aHip, hipopótamo vagabundo / _cRubén Vélez ; ilustrado por Santiago Guevara |
| 250 | _aPrimera edición | ||
| 264 | 1 |
_aBogotá : _bAlcaldía Matoy de Bogotá ; Instituto Distrital De las Artes - IDARTES, _c2018 |
|
| 300 |
_a75 páginas : _bilustraciones a blanco y negro ; _c17 cm. |
||
| 490 | 1 |
_aLibro al viento ; _aColección inicial ; _v136 |
|
| 504 | _aIncluye referencias bibliográficas (páginas 10). | ||
| 505 | _a¿Hipopótamo a monedas de cincuenta centavos? -- En todo caso, viajar -- El guardián vio una torre -- Fíjese bien, señorita Alpiste -- Un ciudadano recto -- Hipopótamo en añicos -- ¿De qué puede quejarse? -- ¡Ahí viene Leopoldo! -- Ciertas payasadas -- Roncar y soñar -- Esta noche es un paréntesis -- LLevarles la contraria a las lágrimas -- El muy vagabundo ¡Bienvenido el Hipopótamo! -- Ellos tampoco tienen remedio | ||
| 520 | _aEl soñador es la persona encargada de añadirle capítulos al cielo. | ||
| 650 | 1 | 4 |
_aCuentos colombianos _ySiglo XXI _9856 |
| 650 | 2 | 4 |
_aCuentos infantiles colombianos _9857 |
| 650 | 2 | 4 |
_aLiteratura infantil _9648 |
| 700 | 1 |
_aGuevara, Santiago, _eilustrador _9858 |
|
| 830 | 0 |
_aLibro al viento _9842 |
|
| 942 |
_2ddc _cBK |
||
| 999 |
_c6580 _d6580 |
||